00326nam a2200109Ia 4500008004100000020001400041040002900055050002600084100001700110245004600127260004300173221021s9999||||xx |||||||||||||| ||und|| a375426000 cChuka University Library a PE 1628b .R36 1999  aRandom house 0aRandom house webster's college dictionary aNew YorkbRandom house referencec1999